Top 10 des meilleurs clubs du monde. - Statistiques

Statistiques générales
  • Ce quiz a été pris 269 fois
  • Le résultat moyen est 2 sur 10
Statistiques - réponses
Hint Réponse % Correct
1 Real Madrid
84%
10 Arsenal
34%
2 Fc Barcelone
27%
9 Manchester city
20%
3 Manchester United
20%
7 PSG
19%
8 Chelsea
14%
4 Bayern Munich
13%
6 Juventus Turin
3%
5 Liverpool FC
2%
Aucun quiz correspondant
Distribution des résultats
% des personnes avec chaque résultat
Percentile par nombre de réponses
Votre historique - résultats
Vous n’avez pas pris ce quiz